ARRUPE JESUIT UNIVERSITY

CORONAVIRUS -STOP THE SPREAD - CLEAN,DISINFECT,COVER
Normal view MARC view

Entry Topical Term

Number of records used in: 1

001 - CONTROL NUMBER

  • control field: 45289

003 - CONTROL NUMBER IDENTIFIER

  • control field: ARRUPE

005 - DATE AND TIME OF LATEST TRANSACTION

  • control field: 20190320101319.0

008 - FIXED-LENGTH DATA ELEMENTS

  • fixed length control field: 190320|| aca||aabn | a|a d

040 ## - CATALOGING SOURCE

  • Original cataloging agency: ARRUPE
  • Transcribing agency: ARRUPE

150 ## - HEADING--TOPICAL TERM

  • Topical term or geographic name as entry element:
  • Topical term following geographic name as entry element: Slums
  • Geographic subdivision: Zimbabwe

670 ## - SOURCE DATA FOUND

  • Source citation: Work cat.: (ARRUPE)100143: Tibaijuka, Anna Kajumulo 45288, Report of the Fact-Finding Mission to Zimbabwe to assess the scope and impact of Operation Murambatsvina , 2005

 

Arrupe Library. PO Box MP320 Mt Pleasant, Harare, Zimbabwe
263 242 745411|librarian@aju.ac.zw